000 00261nam a22001097a 4500
008 160523b xxu||||| |||| 00| 0 eng d
020 _a0395875404
041 _aeng
080 _a316.77
245 _aTelevision & radio announcing:
_cStuart Hyde:
942 _2udc
_cBK
999 _c2374
_d2374